| 000 | 00787nam a2200265Ia 4500 | ||
|---|---|---|---|
| 008 | 191130s2008##################000#0#eng## | ||
| 020 | _a9780446199667 | ||
| 022 | _a2008000497 | ||
| 040 |
_aACL _cACL |
||
| 082 | _a658.4092 ABR | ||
| 100 | _aAbrashoff, D. Michael | ||
| 245 |
_aIt's our ship : the no-nonsense guide to leadership _cD. Michael Abrashoff |
||
| 250 | _a1st ed | ||
| 260 |
_aNew York _bBusiness Plus _c2008 |
||
| 300 | _a196 p. ; 24 cm. ; hpk | ||
| 650 | _aAbrashoff, D. Michael | ||
| 650 | _aBenfold (Destroyer) | ||
| 650 | _aCommand of troops | ||
| 650 | _aLeadership - United States | ||
| 650 | _aManagement | ||
| 650 | _aShip captains - United States - Biography | ||
| 990 | _aeab2df06ac10000c7b3c9be27a649186 | ||
| 991 | _a124722 | ||
| 999 |
_c222134 _d222134 |
||